The last unicorn (Record no. 4716)

MARC details
000 -CABECERA
campo de control de longitud fija 01243nam a2200217 i 4500
001 - NÚMERO DE CONTROL
campo de control 991027156534807026
003 - IDENTIFICADOR DEL NÚMERO DE CONTROL
campo de control UkOxU
005 - FECHA Y HORA DE LA ÚLTIMA TRANSACCIÓN
campo de control 20250616074852.0
008 - DATOS DE LONGITUD FIJA--INFORMACIÓN GENERAL
campo de control de longitud fija 250131t20231968enk 000 1 eng d
020 ## - NÚMERO INTERNACIONAL ESTÁNDAR DEL LIBRO
Número Internacional Estándar del Libro 9781399606981
040 ## - FUENTE DE LA CATALOGACIÓN
Centro catalogador/agencia de origen UkOxU
Lengua de catalogación eng
Normas de descripción rda
Centro/agencia transcriptor UkOxU
041 ## - CÓDIGO DE LENGUA
Código de lengua del texto/banda sonora o título independiente eng
100 ## - ENTRADA PRINCIPAL--NOMBRE DE PERSONA
Nombre de persona Beagle, Peter S.
Término indicativo de función/relación author
9 (RLIN) 25385
245 14 - MENCIÓN DE TÍTULO
Título The last unicorn
Mención de responsabilidad, etc. / Peter S. Beagle.
264 #1 - PRODUCCIÓN, PUBLICACIÓN, DISTRIBUCIÓN, FABRICACIÓN Y COPYRIGHT
Producción, publicación, distribución, fabricación y copyright London :
Nombre del de productor, editor, distribuidor, fabricante Hatchette,
Fecha de producción, publicación, distribución, fabricación o copyright 2023.
300 ## - DESCRIPCIÓN FÍSICA
Extensión 292 pages ;
Dimensiones 20 cm.
520 ## - SUMARIO, ETC.
Sumario, etc. Living in peace in her lilac wood, the Unicorn didn't know the world had changed, or that anything had happened to the rest of her kind. Overhearing a chance conversation, she resolves to venture out and discover the truth. The road is dangerous, and the risks are great. If she fails, then unicorns will be lost. Forever.<br/><br/>A modern fairy tale, The Last Unicorn is a beloved classic, voted by TIME as one of the 100 greatest fantasy novels of all time. It is fantastical, poignant, wistful and wonderous, showing us the humanity of magic, and the magic of humanity.<br/><br/>Available in the UK for the first time in decades, this edition features an introduction by Patrick Rothfuss.
650 #0 - PUNTO DE ACCESO ADICIONAL DE MATERIA--TÉRMINO DE MATERIA
Término de materia o nombre geográfico como elemento de entrada Unicorns
9 (RLIN) 25386
655 #0 - TÉRMINO DE INDIZACIÓN--GÉNERO/FORMA
Datos o término principal de género/forma Fantasy fiction
9 (RLIN) 22510
942 ## - ELEMENTOS DE ENTRADA AGREGADA (KOHA)
Fuente del sistema de clasificación o colocación Clasificación de Library of Congress
Holdings
Estado de retiro Estado de pérdida Fuente del sistema de clasificación o colocación Estado dañado No para préstamo Biblioteca de origen Biblioteca actual Fecha de adquisición Total de préstamos Signatura topográfica completa Código de barras Fecha visto por última vez Número de copia Precio válido a partir de Tipo de ítem Koha
    Clasificación de Library of Congress     TBS Barcelona TBS Barcelona 12/06/2025   P-EN BEA B07541 12/06/2025 1 12/06/2025 Book

Powered by Koha